书目信息 |
| 书名: | Differential and integral calculus | |
| 作者: | tr. by E.J. McShane. | |
| 分册号: | ||
| 分册名: | 出版地: | WILEY : |
|
| 出版社: | wiley-interscience | |
| 出版时间: | 1936. | |
| 页数: | 1 p. : | |
| 开本: | ||
| 丛书名: | ||
| 中图分类号: | ||
| 科图分类号: | ||
| 其他分类号: | O172 | |
| 主题词: | ||
| 电子资源: | ||
| 000 | 00585nam 22000205i 450 | |
| 001 | 0200025103 | |
| 005 | 20070317094548.32 | |
| 008 | 991231m19369999 a 000 0 | |
| 020 | @a0-471-17853-5 :@cUSD. | |
| 041 | @aeng | |
| 090 | @aO174 | |
| 090 | @aO172 | |
| 099 | @dO172@ex22 | |
| 100 | 1 | @aCourant@cR. |
| 245 | 10 | @aDifferential and integral calculus.@nVOL. Ⅱ / @ctr. by E.J. McShane. |
| 260 | 1 | @aWILEY :@bwiley-interscience,@c1936. |
| 260 | @aNew York :@bNew York. | |
| 300 | @a1 p. :@bill. | |
| 500 | @awiley classics library edition Published 1988 | |
| 700 | 1 | @aMcShane@cE. J. |
| Differential and integral calculus.. VOL. Ⅱ / / tr. by E.J. McShane.-WILEY : : wiley-interscience, , 1936.-New York : : New York. |
| 1 p. : : ill. |
| wiley classics library edition Published 1988 |
| ISBN 0-471-17853-5 :USD. |
| ● |
| 相关链接 |
|
|
|
|
正题名:Differential and integral calculus
索取号:O172/x22
 
预约/预借
| 序号 | 登录号 | 条形码 | 馆藏地/架位号 | 状态 | 备注 |
| 1 | 0002397 | 300023971 | 第二样本阅览室/ [索取号:O172/x22] | 在馆 | |
| 2 | 0002398 | 300023980 | 第四借阅区/ [索取号:O172/x22] | 在馆 |